000
00297nam a2200121Ia 4500
008
190216s9999||||xx |||||||||||||| ||und||
100
_a
Arun Bahl And Bahl
245
0
_a
Text Book Of Organic Chemistry
260
_b
S Chand & Co
_c
2000
300
_a
895p
650
_a
Organic Chemistry
942
_c
BK
999
_c
2001
_d
2001